00589nam a22001577a 4500003000400000020001800004082001500022100001600037245006500053260004900118300001400167650001900181942001300200999001700213952020100230OSt a9780241370148 a658.8bGOT aGODIN, Seth aThis is Marketing : You Can't be Seen Until You Learn to See aGreat Britain:bPenguin Random House,c2018. axvi,266p. aGeneral Books  2ddccREF c12770d12770 00102ddc40708GENERALaPIETbPIETd2024-06-18eZafaa Books and DistributorsfIn rupeesg799.00kZBD0076l1o658.8 GOTp37661q2025-01-28r2024-07-12 00:00:00s2024-07-12v519.35w2024-06-18yBK